El Código Civil francés de 1804 y el Código Civil chileno de 1855. Influencias, confluencias y divergencias. Escritos en conmemoración del bicentenario del Código Civil francés.
Uloženo v:
| Hlavní autor: | |
|---|---|
| Další autoři: | , , , , , , |
| Médium: | Kniha |
| Jazyk: | španělština |
| Vydáno: |
Santiago, Chile:
Universidad de los Andes,
2004.
|
| Edice: | Cuadernos de Extensión Jurídica, 9.
|
| Témata: | |
| Tagy: |
Přidat tag
Žádné tagy, Buďte první, kdo vytvoří štítek k tomuto záznamu!
|
MARC
| LEADER | 00000nam a2200000 a 4500 | ||
|---|---|---|---|
| 001 | UCK3530 | ||
| 003 | CL-VaPUC | ||
| 005 | 20240403173751.0 | ||
| 008 | 050429e20040000CL |||||||||||||||||spa|d | ||
| 999 | |c 312665 |d 312663 | ||
| 020 | |a 956-7160-30-9 | ||
| 040 | |c Pontificia Universidad Católica de Valparaíso | ||
| 082 | 0 | 4 | |a 346 GUZ 2004 |2 21 |
| 100 | |a Guzmán Brito, Alejandro Ángel |e autor |9 388 | ||
| 245 | 1 | 3 | |a El Código Civil francés de 1804 y el Código Civil chileno de 1855. Influencias, confluencias y divergencias. |b Escritos en conmemoración del bicentenario del Código Civil francés. |
| 260 | |a Santiago, Chile: |b Universidad de los Andes, |c 2004. | ||
| 300 | |a 165 páginas. | ||
| 490 | 0 | |a Cuadernos de Extensión Jurídica, 9. | |
| 500 | |a c.2 Donación Familia Prof. Alejandro Guzmán Brito. | ||
| 583 | |a last modification |c 20050429 00:00:00 |k Rodrigo Vera | ||
| 650 | 0 | |a Código civil |9 256135 | |
| 650 | 0 | |a Derecho civil francés |9 395571 | |
| 650 | 0 | |a Derecho civil chileno |9 320612 | |
| 650 | 0 | |a Derecho comparado |9 255664 | |
| 700 | 0 | |a Corral Talciani, Hernán Felipe |e editor |9 491596 | |
| 700 | 0 | |a Henríquez Herrera, Ian |e editor |9 866095 | |
| 700 | 0 | |a Soza Ried, María de los Angeles |e autora |9 491597 | |
| 700 | 0 | |a Pizarro Wilson, Carlos |e autor |9 491598 | |
| 700 | 0 | |a Zelaya Etchegaray, Pedro |e autor |9 491599 | |
| 700 | 0 | |a Baraona González, Jorge |e autor |9 491600 | |
| 700 | 0 | |a Schipani, Sandro |e autor |9 491601 | |
| 942 | |c BK |2 ddc |n 0 | ||
| 945 | |d 20050429 00:00:00 |a cmena | ||
| 952 | |0 0 |1 0 |4 0 |6 346_000000000000000_GUZ_2004 |7 0 |8 A |9 383286 |a BIBDER |b BIBDER |d 2019-11-21 |i 4112563 |l 3 |o 346 GUZ 2004 |p 4112563 |r 2023-01-25 |s 2022-11-29 |w 2019-11-21 |y BK |k DER | ||
| 952 | |0 0 |1 0 |2 ddc |4 0 |6 346_000000000000000_GUZ_2004 |7 1 |8 C_AGB |9 580991 |a BIBDER |b BIBDER |d 2022-01-31 |e Donación |i 5643376 |o 346 GUZ 2004 |p 5643376 |r 2023-01-25 |t 2 |w 2022-01-31 |y BK_US |k AGB | ||